New Inside out : beginner teacher's book /

Main Author: Kay, Susan
Other Authors: Gomm, Helena, Jones, Vaughan
Language: English
Published: Oxford : Macmillan, 2007
Edition: 1st publ.
Physical Description: 193 s. : il. + sada 3 kompaktních disků CD-A 283, 1 kompaktní disk CD-R 72, 1 kompaktní disk Test CD-A 284 a 1 kompaktní disk Workbook CD-A 285
Book
Saved in:
LEADER 01479nam a2200361za 4500
001 001000460
003 CZ BrMZK
005 20200415103224.0
007 ta
008 071002s2007 enk||||erpf|||||||||engod
020 |a 9780230020931  |q (brož.) 
040 |a BOA001  |b cze 
072 7 |a 811.111  |x Angličtina  |2 Konspekt  |9 11 
072 7 |a 37.016  |x Učební osnovy. Vyučovací předměty. Učebnice  |2 Konspekt  |9 22 
080 |a 811.111  |2 MRF 
080 |a (07.062)81  |2 MRF 
080 |a (072)  |2 MRF 
100 1 |a Kay, Susan  |7 pna2005307292  |4 aut 
245 1 0 |a New Inside out :  |b beginner teacher's book /  |c Sue Kay, Vaughan Jones, Helena Gomm a další 
246 3 0 |a New Inside out. Beginner. Teacher's book 
250 |a 1st publ. 
260 |a Oxford :  |b Macmillan,  |c 2007 
300 |a 193 s. :  |b il. +  |e sada 3 kompaktních disků CD-A 283, 1 kompaktní disk CD-R 72, 1 kompaktní disk Test CD-A 284 a 1 kompaktní disk Workbook CD-A 285 
650 0 7 |a angličtina  |7 ph114056  |2 czenas 
653 0 |a jazyková úroveň A0 
655 7 |a jazykové učebnice, texty, příručky (A)  |7 fd600889  |2 czenas 
655 7 |a metodické příručky  |7 fd132826  |2 czenas 
700 1 |a Gomm, Helena  |7 xx0037252  |4 aut 
700 1 |a Jones, Vaughan  |7 xx0037257  |4 aut 
910 |a BOA001  |b AK-0005.160,3 
990 |a BK 
991 |b 200910  |y British Council Brno - Czech Republic  |z 000049046  |x 99 
996 7 |b 261E006896  |c AK-0005.160,3  |l Anglická knihovna/2.patro  |r ZHR  |n 33  |h CA 6  |w 001000460  |u 000010  |a 0  |e BOA001  |j MZK50  |s A